Nella giustizia e nella tenerezza : storie sacre di religiose lesbiche e queer /

Uloženo v:
Podrobná bibliografie
Další autoři: Gramick, Jeannine (Autor úvodu atd.), Scarmoncin, Laura (Editor), Simonelli, Cristina (Editor), Surdovel, Grace (Editor)
Médium: Kniha
Jazyk:italština
Vydáno: Cantalupa : Effatà, 2022
Edice:Sui generis ; 31
Témata:
Tagy: Přidat tag
Žádné tagy, Buďte první, kdo vytvoří štítek k tomuto záznamu!

MARC

LEADER 00000nam a2200000 i 4500
001 IT\ICCU\BMT\0028879
003 ItRI
005 20260115232135.0
008 220516s2022 it |||||| ||||| |||||c
015 |2 IT  |a 2022-6293 
020 |a 9788869298318 
040 |b ita  |c importazione bologna sebina 
041 7 |a ita  |2 ISO-639-2 
082 |a 282.0922  |9 CHIESA CATTOLICA ROMANA. Gruppi di persone  |2 23 
130 0 |a Love tenderly  |3 IT\ICCU\BMT\0028880 
245 0 0 |a Nella giustizia e nella tenerezza :  |b storie sacre di religiose lesbiche e queer /  |c a cura di Grace Surdovel ; prefazione di Jeannine Gramick ; edizione italiana a cura di Laura Scarmoncin e Cristina Simonelli. 
260 |a Cantalupa :  |b Effatà,  |c 2022 
300 |a 268 p. ;  |c 21 cm 
500 |a <in italiano>  |0 IT\ICCU\BMT\0028880 
500 |a Traduzione di L. Scarmoncin, C. Simonelli. 
650 7 |a Suore  |x Omosessualità  |x Memorie  |2 nsbncf 
700 1 |a Gramick, Jeannine  |0 IT\ICCU\LO1V\258710  |4 aui 
700 1 |a Scarmoncin, Laura  |0 IT\ICCU\PARV\580378  |4 edt 
700 1 |a Simonelli, Cristina  |0 IT\ICCU\TO0V\392444  |4 edt 
700 1 |a Surdovel, Grace  |0 IT\ICCU\BMTV\005482  |4 edt 
830 0 |a Sui generis ;  |v 31  |0 IT\ICCU\TO0\1654900 
942 |2 ddc  |c BK  |n 0 
952 |0 0  |1 0  |4 0  |6 DOC_253_200000000000000_SUR  |7 0  |9 20743  |a BO  |b BO  |d 2026-01-15  |i 19810  |l 0  |o DOC 253.2 SUR  |p BO19810  |r 2026-01-15 23:21:35  |w 2026-01-15  |x [Sebina 5] [1 v.]  |y BK  |z 1 v. 
999 |c 17721  |d 17721